Valuation approach for properties in multi-storey, multi-occupancy residential buildings with cladding, (Record no. 121763)

MARC details
000 -LEADER
fixed length control field 01523nam a22003017a 4500
001 - CONTROL NUMBER
control field 121763
008 - FIXED-LENGTH DATA ELEMENTS--GENERAL INFORMATION
fixed length control field 240104t2023 xxk||||| |||| 00| 0 eng d
020 ## - INTERNATIONAL STANDARD BOOK NUMBER
ISBN 9781783215164
041 ## - LANGUAGE CODE
Language code of text/sound track or separate title eng
100 ## - MAIN ENTRY--PERSONAL NAME
Personal author Sellars, Nigel
110 ## - MAIN ENTRY--CORPORATE NAME
Corporate author Royal Institution of Chartered Surveyors
245 ## - TITLE STATEMENT
Title Valuation approach for properties in multi-storey, multi-occupancy residential buildings with cladding,
Subtitle RICS professional standard, England and Wales
Statement of responsibility, etc Effective from 1 January 2024
Medium [Electronic]
250 ## - EDITION
Edition statement 2nd
260 ## - PUBLICATION INFORMATION
Place of publication London,
Publisher Royal Institution of Chartered Surveyors,
Date December 2023
300 ## - PHYSICAL DESCRIPTION
Physical description 34p
490 ## - SERIES TITLE
Series statement RICS professional standard
500 ## - GENERAL NOTE
General note Supersedes 1st edtion ISBN 9781783214921
500 ## - GENERAL NOTE
General note 2nd edition adds Wales, previous edition was only applicable to England.
520 ## - ABSTRACT
Abstract This document is intended to help valuers undertaking valuations for secured lending purposes on domestic residential flats, within residential blocks of 5 or more storeys or 11 metres or more tall. In accordance with the remediation schemes and qualifying lease protections, applicable to England and Wales only.
650 ## - KEYWORDS
Keywords Cladding
650 ## - KEYWORDS
Keywords Valuation
651 ## - SUBJECT ADDED ENTRY--GEOGRAPHIC NAME
Geographic name England
651 ## - SUBJECT ADDED ENTRY--GEOGRAPHIC NAME
Geographic name Wales
690 ## - BROAD SUBJECT
9 (RLIN) 6273
Broad subject Valuation
690 ## - BROAD SUBJECT
9 (RLIN) 6308
Broad subject Cladding
856 ## - ONLINE RESOURCE
Uniform Resource Identifier <a href="https://www.rics.org/profession-standards/rics-standards-and-guidance/sector-standards/valuation-standards/valuation-approach-for-properties-in-residential-buildings-with-">https://www.rics.org/profession-standards/rics-standards-and-guidance/sector-standards/valuation-standards/valuation-approach-for-properties-in-residential-buildings-with-</a>
Public note Available free on RICS.org
942 ## - ADDED ENTRY ELEMENTS (KOHA)
Suppress in OPAC Do not suppress in OPAC
Holdings
Lost status Damaged status Not for loan Home library Current library Shelving location Date acquired Total Checkouts Date last seen Price effective from Koha item type
      Virtual Virtual Online 05/01/2024   05/01/2024 05/01/2024 Online material